| 000 | 00680cam a22002413a 4500 | ||
|---|---|---|---|
| 001 | 8939 | ||
| 003 | PGUSA | ||
| 005 | 20140828083206.0 | ||
| 008 | 050901s2005||||xxu|||||s|||||000 1 eng d | ||
| 040 |
_aPGUSA _beng |
||
| 042 | _adc | ||
| 050 | 4 | _aPR | |
| 100 | 1 |
_aMerriman, Henry Seton, _d1862-1903 |
|
| 245 | 1 | 0 |
_aWith Edged Tools _h[electronic resource] / _cHenry Seton Merriman |
| 260 |
_bProject Gutenberg, _c2005 |
||
| 506 | _aPublic domain in the USA. | ||
| 516 | _aElectronic text | ||
| 653 | _aLondon (England) -- Fiction | ||
| 653 | _aAfrica, West -- Fiction | ||
| 830 | 0 |
_aProject Gutenberg _v8939 |
|
| 856 | 4 | 0 | _uhttp://www.gutenberg.org/ebooks/8939 |
| 942 | _cEB | ||
| 999 |
_c238223 _d238223 |
||